Vận động trị liệu : Dùng cho đào tạo cao đẳng ngành vật lý trị liệu phục hồi chức năng
Nội dung quyển sách trình bày về các nguyên tắc của vận động trị liệu, định nghĩa, các nguyên tắc của các loại bài tập, các tác dụng của các loại bài tập, thao tác đúng quy trình các kỹ thuật tập luyện và sử dụng thành thạo các dụng cụ ho...
Shranjeno v:
| Glavni avtor: | |
|---|---|
| Drugi avtorji: | |
| Format: | Knjiga |
| Jezik: | Vietnamese |
| Izdano: |
H.
Giáo dục Việt Nam
2014
|
| Izdaja: | Tái bản lần thứ nhất |
| Teme: | |
| Oznake: |
Označite
Brez oznak, prvi označite!
|
| Thư viện lưu trữ: | Thư viện Trường Đại học Nam Cần Thơ |
|---|
| LEADER | 01998nam a22002657a 4500 | ||
|---|---|---|---|
| 001 | NCT_45927 | ||
| 008 | 180712b xxu||||| |||| 00| 0 vie d | ||
| 999 | |c 2199 |d 2199 | ||
| 020 | |a 9786040039095 |c 60000 | ||
| 082 | 0 | 4 | |2 23rd ed. |a 615.8 |b B312 |
| 100 | 1 | |a Nguyễn Thị Thanh Bình |e Chủ biên | |
| 245 | 1 | 0 | |a Vận động trị liệu : |b Dùng cho đào tạo cao đẳng ngành vật lý trị liệu phục hồi chức năng |c Nguyễn Thị Thanh Bình, Lê Quang Khánh (chủ biên) |
| 250 | |a Tái bản lần thứ nhất | ||
| 260 | |a H. |b Giáo dục Việt Nam |c 2014 | ||
| 300 | |a 211 tr. |c 27cm | ||
| 520 | 3 | |a Nội dung quyển sách trình bày về các nguyên tắc của vận động trị liệu, định nghĩa, các nguyên tắc của các loại bài tập, các tác dụng của các loại bài tập, thao tác đúng quy trình các kỹ thuật tập luyện và sử dụng thành thạo các dụng cụ hỗ trợ di chuyển như nạng, gậy ... | |
| 653 | |a Y đa khoa | ||
| 700 | 1 | |a Lê Quang Khánh |e chủ biên | |
| 942 | |2 ddc |c BK | ||
| 952 | |0 0 |1 0 |2 ddc |4 0 |6 615_800000000000000_B312 |7 0 |9 12531 |a 000001 |b 000001 |d 2018-07-12 |o 615.8 B312 |p MD.12581 |r 2018-07-12 |v 60000.00 |w 2018-07-12 |y BK | ||
| 952 | |0 0 |1 0 |2 ddc |4 0 |6 615_800000000000000_B312 |7 0 |9 12532 |a 000001 |b 000001 |d 2018-07-12 |o 615.8 B312 |p MD.12582 |r 2018-07-12 |v 60000.00 |w 2018-07-12 |y BK | ||
| 952 | |0 0 |1 0 |2 ddc |4 0 |6 615_800000000000000_B312 |7 0 |9 12533 |a 000001 |b 000001 |d 2018-07-12 |o 615.8 B312 |p MD.12583 |r 2018-07-12 |v 60000.00 |w 2018-07-12 |y BK | ||
| 952 | |0 0 |1 0 |2 ddc |4 0 |6 615_800000000000000_B312 |7 0 |9 12534 |a 000001 |b 000001 |d 2018-07-12 |o 615.8 B312 |p MD.12584 |r 2018-07-12 |v 60000.00 |w 2018-07-12 |y BK | ||
| 952 | |0 0 |1 0 |2 ddc |4 0 |6 615_800000000000000_B312 |7 0 |9 12535 |a 000001 |b 000001 |d 2018-07-12 |o 615.8 B312 |p MD.12585 |r 2018-07-12 |v 60000.00 |w 2018-07-12 |y BK | ||
| 980 | |a Thư viện Trường Đại học Nam Cần Thơ | ||


